Sharia Law Countries - Statistics

General Stats
  • This quiz has been taken 2,341 times
    2,333 since last reset
  • The average score is 25 of 32
Answer Stats
System Country % Correct
State Level: Mainly Sharia Iran
97%
State Level Mixed with Other Systems Iraq
96%
State Level Mixed with Other Systems Pakistan
95%
State Level: Mainly Sharia Saudi Arabia
95%
State Level Mixed with Other Systems Egypt
94%
State Level: Mainly Sharia Oman
93%
State Level: Mainly Sharia Yemen
93%
State Level Mixed with Other Systems Syria
91%
State Level Mixed with Other Systems United Arab Emirates
90%
State Level Mixed with Other Systems Afghanistan
89%
Family Law Algeria
89%
State Level Mixed with Other Systems Qatar
89%
State Level: Mainly Sharia Libya
88%
State Level: Mainly Sharia Jordan
87%
Regional Level Sudan
87%
State Level Mixed with Other Systems Tunisia
87%
Family Law and Regional Law Indonesia
86%
State Level Mixed with Other Systems Kuwait
86%
Family Law Morocco
86%
State Level: Mainly Sharia Bahrain
85%
State Level Mixed with Other Systems Lebanon
84%
Regional Level Somalia
84%
State Level Mixed with Other Systems Malaysia
77%
Family Law Bangladesh
71%
Regional Level Nigeria
71%
State Level Mixed with Other Systems Mauritania
69%
State Level Mixed with Other Systems Brunei
65%
State Level Mixed with Other Systems Djibouti
60%
Plans or Exceptions Maldives
53%
Plans or Exceptions The Gambia
36%
Family Law Philippines
25%
Plans or Exceptions Russia (Chechenya Only)
20%
No matching quizzes found
Score Distribution
Percent of People with Each Score
Percentile by Number Answered
Your Score History
You have not taken this quiz since the last reset